Abdur-Razzaq`s Dictionary of the Technical Terms of the Sufies (Record no. 922)

MARC details
000 -LEADER
fixed length control field 00629nam a2200241 a 4500
020 ## - INTERNATIONAL STANDARD BOOK NUMBER
ISBN
082 00 - DEWEY DECIMAL CLASSIFICATION NUMBER
Classification number 297.403
Author Cutter SPR1
100 ## - MAIN ENTRY--AUTHOR NAME
Author name Sprenger, Alloy
245 ## - TITLE STATEMENT
Title Abdur-Razzaq`s Dictionary of the Technical Terms of the Sufies
260 ## - PUBLICATION, DISTRIBUTION, ETC. (IMPRINT)
Place of publication Calcutta
Name of publisher Madresah of Calcutta
Year of publication 1845
300 ## - PHYSICAL DESCRIPTION
Number of Pages 176p
500 ## - GENERAL NOTE
General note includes index and biblioraphy
505 2# - FORMATTED CONTENTS NOTE
Formatted contents note Index, Illus
650 ## - SUBJECT ADDED ENTRY--TOPICAL TERM
Topical Term Sufism-Dictionary-Arabic
942 ## - ADDED ENTRY ELEMENTS (KOHA)
Koha item type Books
700 1# -
-- Sprenger, Alloy
Holdings
Home library Current library Date acquired Cost, normal purchase price Full call number Accession Number Koha item type
Henry Martyn Institute Library Henry Martyn Institute Library 09/30/2016 100.00 297.403 SPR1 1571 Archive Book
Henry Martyn Institute Library Henry Martyn Institute Library 09/30/2016 100.00 297.403 SPR1 6818 Archive Book
                   Copyright © 2026 | Henry Martyn Institute | Hyderabad | TS-500052 | INDIA | Implemented by hmi.edu.in
Hit-Count:

Powered by Koha